| 000 | 00370nam a2200109Ia 4500 | ||
|---|---|---|---|
| 008 | 171204s9999 xx 000 0 und d | ||
| 245 | _aSecuring Systems: Applied Security Architecture and Threat Models: | ||
| 245 | _cBrook S. E. Schoenfield | ||
| 260 | _c2015 | ||
| 650 | _xFUNDAMENTALS OF INFORMATION SECURITY | ||
| 856 | _uhttp://down.ebook777.com/043/9781482233971.pdf | ||
| 999 |
_c347170 _d347170 |
||